Centrální řízení a kontrola obchodního řetězce

Význam centrálneho riadenia maloobchodných reťazcov v súčasnosti. Funkcie centrálneho riadenia reťazcov. Prínosy a tienisté stránky tohto riadenia. Psychologické a personálne aspekty zavádzania centrálneho riadenia.

Enregistré dans:
Détails bibliographiques
Auteur principal: Frouz, Jan
Format: Chapitre de livre
Langue:tchèque
Sujets:
Tags: Ajouter un tag
Pas de tags, Soyez le premier à ajouter un tag!

MARC

LEADER 00000naa a2200000 4500
001 r038310
005 20230522110948.3
041 0 |a cze 
044 |a CZ 
245 1 0 |a Centrální řízení a kontrola obchodního řetězce  |c Jan Frouz 
520 |a Význam centrálneho riadenia maloobchodných reťazcov v súčasnosti. Funkcie centrálneho riadenia reťazcov. Prínosy a tienisté stránky tohto riadenia. Psychologické a personálne aspekty zavádzania centrálneho riadenia. 
610 2 0 |a riadenie obchodu 
610 2 0 |a siete obchodné 
610 2 0 |a maloobchod 
610 2 0 |a kontrola 
610 2 0 |a dodávatelia 
610 2 0 |a politika cenová 
610 2 0 |a faktúry 
610 2 0 |a systémy informačné 
610 2 0 |a reťazce obchodné 
100 1 |a Frouz, Jan